<?xml version="1.0" encoding="UTF-8"?>
<record
    xmlns:xsi="http://www.w3.org/2001/XMLSchema-instance"
    xsi:schemaLocation="http://www.loc.gov/MARC21/slim http://www.loc.gov/standards/marcxml/schema/MARC21slim.xsd"
    xmlns="http://www.loc.gov/MARC21/slim">

  <leader>01412nam a22001337a 4500</leader>
  <datafield tag="999" ind1=" " ind2=" ">
    <subfield code="c">533201</subfield>
    <subfield code="d">533201</subfield>
  </datafield>
  <controlfield tag="008">260429b           ||||| |||| 00| 0 eng d</controlfield>
  <datafield tag="100" ind1=" " ind2=" ">
    <subfield code="a">Mohan, R.  Kakarlapudi, Kiran Kumar and  Ramakumar, R.</subfield>
    <subfield code="9">60318</subfield>
  </datafield>
  <datafield tag="245" ind1=" " ind2=" ">
    <subfield code="a">ST Reform, consumption behaviour, and revenues across INDIAN states</subfield>
  </datafield>
  <datafield tag="260" ind1=" " ind2=" ">
    <subfield code="a">Economic &amp; Political Weekly  </subfield>
  </datafield>
  <datafield tag="300" ind1=" " ind2=" ">
    <subfield code="a">61(11), Mar 14, 2026: p.44-50</subfield>
  </datafield>
  <datafield tag="520" ind1=" " ind2=" ">
    <subfield code="a">The demand- and revenue-side effects of goods and services tax rate reductions in India are examined, focusing on interstate heterogeneity in consumption behaviour. State-specific marginal propensities to consume are examined and corresponding consumption multipliers are derived to find substantial variation across states and an inverse relationship between MPC and per capita income. Linking these estimates to GST outcomes indicates that states with higher MPCs tend to exhibit greater GST buoyancy. Structural break tests on national consumption further highlight the limits of uniform GST rate rationalisation. Results suggest that growth and revenue implications of GST rationalisation and personal income tax concessions are likely to differ across states, with lower-income states benefiting more from consumption-led multiplier effects.-Reproduced 

https://www.epw.in/journal/2026/11/special-articles/gst-reform-consumption-behaviour-and-revenues.html
</subfield>
  </datafield>
  <datafield tag="773" ind1=" " ind2=" ">
    <subfield code="a">Economic &amp; Political Weekly  </subfield>
  </datafield>
  <datafield tag="942" ind1=" " ind2=" ">
    <subfield code="c">AR</subfield>
  </datafield>
  <datafield tag="952" ind1=" " ind2=" ">
    <subfield code="0">0</subfield>
    <subfield code="1">0</subfield>
    <subfield code="2">ddc</subfield>
    <subfield code="4">0</subfield>
    <subfield code="7">0</subfield>
    <subfield code="9">408372</subfield>
    <subfield code="a">IIPA</subfield>
    <subfield code="b">IIPA</subfield>
    <subfield code="d">2026-04-29</subfield>
    <subfield code="h">61(11), Mar 14, 2026: p.44-50</subfield>
    <subfield code="p">AR138713</subfield>
    <subfield code="r">2026-04-29</subfield>
    <subfield code="y">AR</subfield>
  </datafield>
</record>
